[Event "Hessen-ch U17 op"]
[Site "Bad Homburg"]
[Date "2015.03.30"]
[Round "2"]
[White "Albert, Rene"]
[Black "Bender, Soeren"]
[Result "0-1"]
[WhiteElo "783"]
[BlackElo "930"]
[PlyCount "90"]
[EventDate "2015.03.30"]
[EventType "swiss"]
[EventRounds "7"]
[EventCountry "GER"]
[SourceTitle "EXT 2017"]
[Source "ChessBase"]
[SourceDate "2016.10.25"]
[SourceVersion "1"]
[SourceVersionDate "2016.10.25"]
[SourceQuality "1"]

1. e4 e5 2. Nf3 Nc6 3. Bc4 Bc5 4. d3 h6 5. d4 Bxd4 6. Nxd4 Nxd4 7. Nc3 Nf6 8. Nd5 Nxe4 9. Be3 Nf5 10. Bd3 Nxe3 11. Nxe3 Nc5 12. Bc4 0-0 13. 0-0 d6 14. b4 Ne4 15. Qh5 Nd2 16. Rfd1 Nxc4 17. Nxc4 Be6 18. Ne3 Qd7 19. g4 f6 20. Rac1 Bf7 21. Qf5 Be6 22. Qg6 Bf7 23. Qf5 Qxf5 24. Nxf5 Bxa2 25. Ne7+ Kf7 26. Nd5 Bxd5 27. Rxd5 Ke6 28. Rd3 f5 29. gxf5+ Rxf5 30. Rg3 Kf7 31. Kg2 Kg8 32. Rd1 Raf8 33. Rdd3 Rxf2+ 34. Kh3 Rxc2 35. Rg4 Rff2 36. Kg3 Rg2+ 37. Kh4 Rxh2+ 38. Rh3 g5+ 39. Kg3 Rhg2+ 40. Kf3 Rxg4 41. Kxg4 Rb2 42. Rxh6 Rxb4+ 43. Kxg5 a5 44. Re6 Kf7 45. Kf5 Rf4+ 0-1